Normal view
MARC view
Entry Topical Term
001 - CONTROL NUMBER
- control field: 8259
003 - CONTROL NUMBER IDENTIFIER
- control field: ARRUPE
005 - DATE AND TIME OF LATEST TRANSACTION
- control field: 20140206153328.0
008 - FIXED-LENGTH DATA ELEMENTS
- fixed length control field: 140206|| aca||aabn | a|a d
040 ## - CATALOGING SOURCE
- Original cataloging agency: ARRUPE
- Transcribing agency: ARRUPE
150 ## - HEADING--TOPICAL TERM
- Topical term or geographic name as entry element: Hinduism
- General subdivision: Relations
- General subdivision: Christianity
- General subdivision: Abhishiktananda, Swami
670 ## - SOURCE DATA FOUND
- Source citation: Work cat.: (ARRUPE)7494: Kalliath, Antony 8257, The Word in the cave